00491 2200181 4500001002100000005001500021035002000036007000300056008004100059020002200100082001200122084001900134100001500153245008700168250001000255260003200265300001200297INLIS00000000000790520220223082310 a0010-0222000187ta220223 g 0 ind  a978-602-61357-5-9 a571.320 a571.320 ARD m0 aArdian PGS1 aMENGENAL ANATOMI TUMBUHAN :bPembahasannya sederhana dan menyeluruh /cArdian PGS acet 5 aBandung :bkUBU BUKU,c2020 a120 hlm